| 000 | 00563nam a2200229Ia 4500 | ||
|---|---|---|---|
| 008 | 160803s9999 xx 000 0 und d | ||
| 020 | _a9780590427098 | ||
| 100 | _aWright, Betty Ren | ||
| 245 | _aChristina's ghost / | ||
| 245 | _cBetty Ren Wright. | ||
| 260 | _aNew York : | ||
| 260 | _bScholastic Inc. | ||
| 260 | _c1985 | ||
| 300 | _a105 pages ; | ||
| 300 | _c20 cm | ||
| 500 | _a"An Apple paperback." | ||
| 650 | _aDetective and mystery stories. | ||
| 650 | _aGhost stories. | ||
| 650 | _aGhosts -- | ||
| 650 | _xFiction. | ||
| 700 | _a620 | ||
| 999 |
_c299563 _d299563 |
||